000 00290nam a22001217a 4500
003 OSt
008 240802b |||||||| |||| 00| 0 eng d
100 _aRaj Rishi
245 _aFinal project report of student ready program
260 _apusa
_bCBS&H
_c2024
300 _a65
942 _2ddc
_cT
999 _c43151
_d43151